00301nam a2200121Ia 4500003000400000005001700004008004100021020001900062040002700081100001600108245002400124260003100148OSt20240311102659.0170523s9999 xx 000 0 und d a978-9381348857 cIIMT UNIVERSITY MEERUT aGupta- R.C. 0aBuilding Technology aNew Delhi : Vayu Education